| 000 | 00734cam a22002171i 4500 | ||
|---|---|---|---|
| 001 | sa 64005129 | ||
| 003 | DLC | ||
| 005 | 20260227112030.0 | ||
| 008 | 870402s1962 io 000 0 ind | ||
| 010 | _asa 64005129 | ||
| 035 | _a(OCoLC)15477888 | ||
| 040 |
_aDLC _cOAU _dDLC |
||
| 042 | _apremarc | ||
| 043 | _aa-io--- | ||
| 050 | 0 | 0 |
_aDS644 _b.P4 |
| 100 | 1 |
_aAidit, D. N., _d1923-1965. |
|
| 245 | 1 | 0 |
_aSetia mengabdi kepentingan² vital pemuda Indonesia dan tjita-tjita revolusi Agustus 1945 : _blaporan umum dalam Kongres Nasional ke-VI Pemuda Rakjat. |
| 260 |
_a[Djakarta : _bDepartemen Pendidikan Penerangan DN Pemuda Rakjat, _c1962] |
||
| 300 |
_a71 p. ; _c18 cm. |
||
| 651 | 0 |
_aIndonesia _xPolitics and government _y1950-1966. |
|
| 999 |
_c58960 _d58960 |
||